000 00426nam a2200145Ia 4500
008 210210b1992 xxu||||| |||| 00| 0 eng d
082 _a620.02 ARAS
100 _aARASU ENTRANCE .
245 _aARASU ENTRANCE examination guide.
260 _aMadras.
_bMayilmani Publications,
_c1992
300 _a156,14
650 _aEngineering Medical Agriculture Entrance Exam Guide
690 _aEngineering Entrance
906 _a046099
999 _c95455
_d95455